00967cam a2200289 i 4500001001300000005001700013008004100030010001500071020001800086020001500104020001800119020001500137020001800152035003900170040006000209041000800269100002100277245008500298260006900383300003600452504005300488650002800541650002800569650002300597650002600620700003100646ocn90932300220170119071451.0150608s2016 enkd frb 001 0 eng d a2015018633 a9781138885295 z1138885290 a9781138885318 z1138885312 z9781315715520 a(OCoLC)909323002z(OCoLC)938345331 aCo-BoUCMbspacSandra Palacio (modificó)dSaul Niño0 aeng1 aDe Janvry, Alain10aDevelopment economicsbtheory and practicecAlain de Janvry y Elisabeth Sadoulet aLondres (Inglaterra)aNew York (Estados Unidos)bRoutledgec2016 axxix, 828 páginasbgráficas aIncluye referencias bibliográficas e índices17aDesarrollo económico 27aPolítica económica 27aPolítica social 27aTeoría económica 1 aSadoulet, Elisabethd1945-